000 00315nam a22001457a 4500
008 230419b ||||| |||| 00| 0 eng d
020 _a9789004341395
041 _aeng
080 _2VOLUME128
_a94
082 _a94
100 _a28
101 _aHISTO
245 _aTHE SOCIOGONY
_cWORRELL.P.M
942 _2udc
_cBK
999 _c59595
_d59595